[Event "43. Olimpiada Batumi 2018 Femenina"]
[Site "Batumi GEO"]
[Date "2018.09.24"]
[Round "1.1"]
[White "Ayiku, Angela Naa Amerley"]
[Black "Mendez Tovar, Yessica Yissel"]
[Result "0-1"]
[WhiteElo "1439"]
[BlackElo "2126"]
[PlyCount "64"]
[EventDate "2018.09.24"]
[EventType "team-swiss"]
[EventRounds "11"]
[EventCountry "GEO"]
[SourceTitle "Ajedrez en Madrid"]
[Source "lmi"]
[SourceDate "2018.09.24"]
[WhiteTeam "Ghana"]
[BlackTeam "Mexico"]
[WhiteTeamCountry "GHA"]
[BlackTeamCountry "MEX"]

1. e4 c5 2. Nf3 g6 3. Bc4 Bg7 4. O-O Nc6 5. c3 d6 6. d4 cxd4 7. cxd4 Nf6 8. Nc3
O-O 9. Re1 Bg4 10. Bg5 Qa5 11. d5 Bxf3 12. Qxf3 Ne5 13. Qe2 Rfc8 14. Bb3 a6 15.
Qe3 b5 16. a3 Nc4 17. Bxc4 Rxc4 18. e5 Ng4 19. Qe2 Bxe5 20. Bxe7 Bxh2+ 21. Kf1
Qb6 22. Ne4 Rxe4 23. Qc2 Rf4 24. Re2 Rxf2+ 25. Rxf2 Ne3+ 26. Ke1 Nxc2+ 27. Rxc2
Qg1+ 28. Kd2 Qxa1 29. Bf6 Bf4+ 30. Ke2 Re8+ 31. Kf3 Qf1+ 32. Kg4 h5+ 0-1

[Event "43. Olimpiada Batumi 2018 Femenina"]
[Site "Batumi GEO"]
[Date "2018.09.24"]
[Round "1.2"]
[White "Fuentes Godoy, Lilia Ivonne"]
[Black "Benson, Maud"]
[Result "1-0"]
[WhiteElo "2079"]
[BlackElo "1334"]
[PlyCount "61"]
[EventDate "2018.09.24"]
[EventType "team-swiss"]
[EventRounds "11"]
[EventCountry "GEO"]
[SourceTitle "Ajedrez en Madrid"]
[Source "lmi"]
[SourceDate "2018.09.24"]
[WhiteTeam "Mexico"]
[BlackTeam "Ghana"]
[WhiteTeamCountry "MEX"]
[BlackTeamCountry "GHA"]

1. d4 e6 2. c4 d5 3. Nf3 c5 4. cxd5 exd5 5. Nc3 Nf6 6. g3 Bf5 7. Bg2 Nbd7 8.
O-O Be7 9. Bf4 O-O 10. Rc1 Nb6 11. dxc5 Bxc5 12. Nd4 Bg6 13. Ncb5 Be7 14. Qb3
a6 15. Nc7 Nc4 16. Nxa8 Qxa8 17. Rfd1 b5 18. a4 bxa4 19. Qxc4 dxc4 20. Bxa8
Rxa8 21. Rxc4 Ne8 22. Rdc1 h6 23. Rxa4 Bf6 24. b3 Be4 25. Be3 Nd6 26. f3 Bb7
27. Rb4 a5 28. Rb6 Rd8 29. Nc2 Rd7 30. Rd1 Be7 31. Bf4 1-0

[Event "43. Olimpiada Batumi 2018 Femenina"]
[Site "Batumi GEO"]
[Date "2018.09.24"]
[Round "1.3"]
[White "Felix, Tobi"]
[Black "Real Pereyra, Diana Carime"]
[Result "0-1"]
[WhiteElo "1468"]
[BlackElo "2110"]
[PlyCount "78"]
[EventDate "2018.09.24"]
[EventType "team-swiss"]
[EventRounds "11"]
[EventCountry "GEO"]
[SourceTitle "Ajedrez en Madrid"]
[Source "lmi"]
[SourceDate "2018.09.24"]
[WhiteTeam "Ghana"]
[BlackTeam "Mexico"]
[WhiteTeamCountry "GHA"]
[BlackTeamCountry "MEX"]

1. d4 c5 2. c3 Nf6 3. Bf4 g6 4. e3 Bg7 5. Nf3 O-O 6. Be2 d6 7. Nbd2 Nc6 8. O-O
a6 9. Qc2 b5 10. Rfd1 Qb6 11. a3 Bb7 12. Nf1 c4 13. e4 Na5 14. Ng3 Nb3 15. Ra2
Rfe8 16. d5 Nd7 17. Be3 Qc7 18. Nd2 Ndc5 19. Bxc5 Nxc5 20. Nf3 h5 21. Ng5 h4
22. Nf1 Bh6 23. Qd2 Nxe4 24. Ne6 Nxd2 25. Nxc7 Nb3 26. Nxa8 Rxa8 27. Bf3 Bc8
28. Re1 Kf8 29. Bd1 Nc1 30. Ra1 Nd3 31. Re4 Nxb2 32. Rxh4 Bg7 33. Rc1 Bf6 34.
Re4 Bf5 35. Re2 Nd3 36. Ra1 Bxc3 37. Raa2 Nc1 38. Ne3 Nxe2+ 39. Bxe2 Bb1 0-1

[Event "43. Olimpiada Batumi 2018 Femenina"]
[Site "Batumi GEO"]
[Date "2018.09.24"]
[Round "1.4"]
[White "Guerrero Rodriguez, Alejandra"]
[Black "Allotey, Dorcas"]
[Result "1-0"]
[WhiteElo "2009"]
[BlackElo "1241"]
[PlyCount "71"]
[EventDate "2018.09.24"]
[EventType "team-swiss"]
[EventRounds "11"]
[EventCountry "GEO"]
[SourceTitle "Ajedrez en Madrid"]
[Source "lmi"]
[SourceDate "2018.09.24"]
[WhiteTeam "Mexico"]
[BlackTeam "Ghana"]
[WhiteTeamCountry "MEX"]
[BlackTeamCountry "GHA"]

1. e4 e5 2. Nf3 d6 3. d4 Nc6 4. Bb5 Bd7 5. dxe5 Qe7 6. O-O dxe5 7. Nc3 Nf6 8.
Bg5 a6 9. Ba4 h6 10. Nd5 Qd6 11. Nxf6+ gxf6 12. Qxd6 cxd6 13. Bxf6 Rg8 14. Rfd1
b5 15. Bb3 Bg4 16. Rd3 Rg6 17. Bh4 Rc8 18. c3 f5 19. exf5 Bxf5 20. Re3 b4 21.
Rc1 Bg7 22. Bg3 Rd8 23. Nh4 Rg5 24. Nxf5 Rxf5 25. Ba4 Rc8 26. cxb4 Kd7 27. Rec3
e4 28. Rxc6 Rxc6 29. Rxc6 Be5 30. Bxe5 Rxe5 31. Rxa6+ Ke6 32. Ra5 d5 33. Ra6+
Kf5 34. Rxh6 Kf4 35. g3+ Kf3 36. Bd1# 1-0

[Event "43. Olimpiada Batumi 2018 Femenina"]
[Site "Batumi GEO"]
[Date "2018.09.24"]
[Round "1.1"]
[White "Geldiyeva, Mahri"]
[Black "Lieketseng, Ngatane"]
[Result "1-0"]
[WhiteElo "2139"]
[BlackElo "1518"]
[PlyCount "55"]
[EventDate "2018.09.24"]
[EventType "team-swiss"]
[EventRounds "11"]
[EventCountry "GEO"]
[SourceTitle "Ajedrez en Madrid"]
[Source "lmi"]
[SourceDate "2018.09.24"]
[WhiteTeam "Turkmenistan"]
[BlackTeam "Lesotho"]
[WhiteTeamCountry "TKM"]
[BlackTeamCountry "LES"]

1. d4 d5 2. Nf3 Nf6 3. c4 e6 4. Nc3 Bb4 5. Ne5 Bxc3+ 6. bxc3 h6 7. Ba3 b6 8. e3
Bb7 9. Qa4+ Nfd7 10. cxd5 exd5 11. Be2 c6 12. O-O Nxe5 13. dxe5 Nd7 14. Bd6 Qg5
15. f4 Qf5 16. c4 Qe4 17. Qb3 d4 18. c5 b5 19. Bf3 Qxe3+ 20. Qxe3 dxe3 21. a4
b4 22. a5 a6 23. Rfe1 O-O-O 24. Rxe3 Rde8 25. Rb3 g5 26. Rxb4 gxf4 27. Bg4 Ba8
28. Rb8# 1-0

[Event "43. Olimpiada Batumi 2018 Femenina"]
[Site "Batumi GEO"]
[Date "2018.09.24"]
[Round "1.2"]
[White "Malehloa, Likhomo"]
[Black "Ovezdurdiyeva, Jemal"]
[Result "0-1"]
[WhiteElo "1174"]
[BlackElo "2075"]
[PlyCount "84"]
[EventDate "2018.09.24"]
[EventType "team-swiss"]
[EventRounds "11"]
[EventCountry "GEO"]
[SourceTitle "Ajedrez en Madrid"]
[Source "lmi"]
[SourceDate "2018.09.24"]
[WhiteTeam "Lesotho"]
[BlackTeam "Turkmenistan"]
[WhiteTeamCountry "LES"]
[BlackTeamCountry "TKM"]

1. e4 c5 2. Nf3 d6 3. d4 cxd4 4. Nxd4 Nf6 5. Nc3 a6 6. g3 e5 7. Nb3 Be6 8. Bg2
Be7 9. O-O O-O 10. Kh1 Nbd7 11. f4 b5 12. Nd5 Bg4 13. Qd3 Nxd5 14. exd5 f5 15.
c3 e4 16. Qd2 Bf6 17. Re1 Nb6 18. Rb1 Bh5 19. Qf2 Nxd5 20. Be3 Nxe3 21. Qxe3
Rc8 22. a3 Qc7 23. Rbc1 Qf7 24. Na1 Rc6 25. Nc2 a5 26. h3 d5 27. Bf1 Qb7 28.
Kh2 Rfc8 29. Be2 Bxe2 30. Rxe2 Rc4 31. Rd1 Be7 32. Red2 b4 33. axb4 axb4 34.
Na1 bxc3 35. bxc3 Rxc3 36. Qe2 Rd8 37. Nc2 Bc5 38. Nd4 Bxd4 39. Rxd4 Qb3 40.
Qe1 Re3 41. Rb1 Qc2+ 42. Rd2 Rxe1 0-1

[Event "43. Olimpiada Batumi 2018 Femenina"]
[Site "Batumi GEO"]
[Date "2018.09.24"]
[Round "1.3"]
[White "Shohradowa, Lala"]
[Black "Malillo, Phera"]
[Result "1-0"]
[WhiteElo "1950"]
[BlackElo "1350"]
[PlyCount "97"]
[EventDate "2018.09.24"]
[EventType "team-swiss"]
[EventRounds "11"]
[EventCountry "GEO"]
[SourceTitle "Ajedrez en Madrid"]
[Source "lmi"]
[SourceDate "2018.09.24"]
[WhiteTeam "Turkmenistan"]
[BlackTeam "Lesotho"]
[WhiteTeamCountry "TKM"]
[BlackTeamCountry "LES"]

1. d4 d5 2. c4 e6 3. Nc3 Nf6 4. Bf4 Be7 5. e3 O-O 6. Nf3 c5 7. Be2 Nc6 8. O-O
h6 9. h3 Bd6 10. Ne5 a6 11. Bf3 Re8 12. Rc1 Qc7 13. cxd5 exd5 14. Nxd5 Nxd5 15.
Bxd5 Nxe5 16. dxe5 Bxe5 17. Bxe5 Qxe5 18. Qf3 Re7 19. Rxc5 Qxb2 20. Rfc1 Be6
21. Bxe6 Rxe6 22. Rc8+ Rxc8 23. Rxc8+ Kh7 24. Qf5+ Rg6 25. Qxf7 Rf6 26. Qg8+
Kg6 27. Qe8+ Kh7 28. Qe4+ Rg6 29. h4 Qb5 30. a4 Qd7 31. Rc4 Qe6 32. Qc2 Qe5 33.
Rg4 Qh5 34. Qxg6+ Qxg6 35. Rxg6 Kxg6 36. a5 Kf5 37. Kf1 Ke5 38. Ke2 Kd5 39. Kd3
Kc5 40. e4 b6 41. axb6 Kxb6 42. f4 a5 43. Kc4 Kc6 44. e5 Kb6 45. g4 Kc6 46. f5
Kb6 47. f6 gxf6 48. exf6 a4 49. f7 1-0

[Event "43. Olimpiada Batumi 2018 Femenina"]
[Site "Batumi GEO"]
[Date "2018.09.24"]
[Round "1.4"]
[White "McPherson, Naleli"]
[Black "Yalkanova, Merjen"]
[Result "0-1"]
[WhiteElo "1267"]
[BlackElo "1909"]
[PlyCount "88"]
[EventDate "2018.09.24"]
[EventType "team-swiss"]
[EventRounds "11"]
[EventCountry "GEO"]
[SourceTitle "Ajedrez en Madrid"]
[Source "lmi"]
[SourceDate "2018.09.24"]
[WhiteTeam "Lesotho"]
[BlackTeam "Turkmenistan"]
[WhiteTeamCountry "LES"]
[BlackTeamCountry "TKM"]

1. e4 c6 2. d4 d5 3. Nc3 dxe4 4. Nxe4 Nf6 5. Ng3 Bg4 6. Be2 Bxe2 7. N1xe2 e6 8.
O-O Nbd7 9. Qd3 Bd6 10. Bg5 h6 11. Bxf6 Nxf6 12. c3 Qc7 13. f4 O-O 14. Ne4 Nxe4
15. Qxe4 c5 16. Kh1 cxd4 17. Nxd4 Qb6 18. Rab1 Rae8 19. Rf3 e5 20. fxe5 Rxe5
21. Qg4 Rfe8 22. Nf5 Bf8 23. Rbf1 Kh7 24. Nh4 Rg5 25. Qd4 Qxd4 26. cxd4 Rg4 27.
g3 f6 28. Rd3 Rd8 29. d5 Bc5 30. Rfd1 g5 31. Nf5 Kg6 32. Ne3 Re4 33. Nc2 Rd6
34. Kg2 Re2+ 35. Kf3 Rxc2 36. Rb3 Rf2+ 37. Ke4 f5+ 38. Kd3 Rxd5+ 39. Kc4 Rxd1
40. Kxc5 Rc2+ 41. Kb4 Rd6 42. a4 Rb6+ 43. Ka3 Rxb3+ 44. Kxb3 Rxh2 0-1

[Event "43. Olimpiada Batumi 2018 Femenina"]
[Site "Batumi GEO"]
[Date "2018.09.24"]
[Round "1.1"]
[White "Varona-Thomas, Maria"]
[Black "Hernandez Bonilla, Amelia"]
[Result "0-1"]
[WhiteElo "1739"]
[BlackElo "2044"]
[PlyCount "118"]
[EventDate "2018.09.24"]
[EventType "team-swiss"]
[EventRounds "11"]
[EventCountry "GEO"]
[SourceTitle "Ajedrez en Madrid"]
[Source "lmi"]
[SourceDate "2018.09.24"]
[WhiteTeam "Guyana"]
[BlackTeam "Venezuela"]
[WhiteTeamCountry "GUY"]
[BlackTeamCountry "VEN"]

1. d4 Nf6 2. Nf3 e6 3. e3 b6 4. Bd3 Bb7 5. Nbd2 d5 6. Ne5 Bd6 7. f4 O-O 8. O-O
Ne4 9. Ndf3 f6 10. Ng4 Nd7 11. c3 Qe7 12. Bd2 Rae8 13. Bc2 h5 14. Nf2 e5 15.
Nxe4 dxe4 16. Bb3+ Kh7 17. Nxe5 g6 18. Nxd7 Qxd7 19. Qe2 f5 20. h3 Be7 21. c4
Ba6 22. Bc3 Bf6 23. Rfc1 Rc8 24. a4 c5 25. d5 Bxc3 26. Rxc3 Qxd5 27. Qxh5+ gxh5
28. cxd5 Bd3 29. Bc4 Bxc4 30. Rxc4 Rcd8 31. Rd1 Rf6 32. Rc2 h4 33. Rcd2 Rfd6
34. Kf2 Kg7 35. g4 hxg3+ 36. Kxg3 Kf7 37. Kh2 Rh8 38. Rg2 Rh7 39. Rg5 Kf6 40.
Rg2 Kf7 41. Rgd2 Rdh6 42. d6 Rxh3+ 43. Kg2 Rh2+ 44. Kg1 Rxd2 45. Rxd2 Ke6 46.
Rg2 Kxd6 47. Rg6+ Ke7 48. Rc6 Rh3 49. Rc7+ Kd6 50. Rxa7 Rxe3 51. Rf7 Rb3 52.
Rxf5 Rxb2 53. Rh5 c4 54. Rh3 Kd5 55. a5 bxa5 56. Rh5+ Kd4 57. Rxa5 c3 58. Ra4+
Kd3 59. Ra3 Kd2 0-1

[Event "43. Olimpiada Batumi 2018 Femenina"]
[Site "Batumi GEO"]
[Date "2018.09.24"]
[Round "1.2"]
[White "Rovira Contreras, Tairu Manuela"]
[Black "Ali, Sheriffa"]
[Result "1-0"]
[WhiteElo "2033"]
[BlackElo "1365"]
[PlyCount "81"]
[EventDate "2018.09.24"]
[EventType "team-swiss"]
[EventRounds "11"]
[EventCountry "GEO"]
[SourceTitle "Ajedrez en Madrid"]
[Source "lmi"]
[SourceDate "2018.09.24"]
[WhiteTeam "Venezuela"]
[BlackTeam "Guyana"]
[WhiteTeamCountry "VEN"]
[BlackTeamCountry "GUY"]

1. d4 d5 2. Nf3 Nf6 3. c4 b6 4. cxd5 Nxd5 5. e4 Nf6 6. Nc3 Bb7 7. Bd3 e6 8. O-O
Bb4 9. Qa4+ Nc6 10. Bb5 Bxc3 11. Bxc6+ Bxc6 12. Qxc6+ Kf8 13. bxc3 Rc8 14. Bg5
h6 15. Bxf6 gxf6 16. d5 Qe8 17. Nd4 Qxc6 18. Nxc6 a5 19. c4 Rg8 20. c5 Rh8 21.
Rab1 bxc5 22. Nxa5 Kg7 23. Rfc1 Rhd8 24. Rxc5 Kg6 25. a4 Rd6 26. Nc6 Ra8 27. a5
exd5 28. exd5 Rd7 29. a6 Rd6 30. a7 Rxc6 31. dxc6 Rxa7 32. h4 f5 33. Rb7 Rxb7
34. cxb7 Kf6 35. b8=Q Ke6 36. Qxc7 Kf6 37. Qe5+ Kg6 38. Qxf5+ Kg7 39. Rc7 h5
40. Qxf7+ Kh8 41. Qh7# 1-0

[Event "43. Olimpiada Batumi 2018 Femenina"]
[Site "Batumi GEO"]
[Date "2018.09.24"]
[Round "1.3"]
[White "Johnson, Nellisha"]
[Black "Patino Garcia, Corals"]
[Result "0-1"]
[WhiteElo "1123"]
[BlackElo "2023"]
[PlyCount "82"]
[EventDate "2018.09.24"]
[EventType "team-swiss"]
[EventRounds "11"]
[EventCountry "GEO"]
[SourceTitle "Ajedrez en Madrid"]
[Source "lmi"]
[SourceDate "2018.09.24"]
[WhiteTeam "Guyana"]
[BlackTeam "Venezuela"]
[WhiteTeamCountry "GUY"]
[BlackTeamCountry "VEN"]

1. e4 c5 2. Nf3 e6 3. Nc3 a6 4. Be2 Nc6 5. O-O Qc7 6. d3 b5 7. a3 g6 8. Be3 d6
9. d4 cxd4 10. Nxd4 Nf6 11. Bf3 Ne5 12. h3 Rb8 13. Qd2 Nc4 14. Qc1 Nxe3 15.
Qxe3 Bg7 16. Rfd1 O-O 17. Rab1 Nd7 18. Nce2 Ne5 19. b3 Bb7 20. Ng3 Rfd8 21.
Rbc1 Nxf3+ 22. Qxf3 Qc5 23. c3 Qxa3 24. Qe3 e5 25. Ra1 exd4 26. cxd4 Qb4 27.
Rab1 Rbc8 28. Ne2 Re8 29. Rbc1 Rxc1 30. Nxc1 Rxe4 31. Qd2 Qxd2 32. Rxd2 Re1+
33. Kh2 Rxc1 34. Rd3 b4 35. f3 Rc3 36. Rxc3 bxc3 37. f4 c2 38. Kg3 c1=Q 39. b4
Qf1 40. Kg4 Qxg2+ 41. Kh4 Bf6# 0-1

[Event "43. Olimpiada Batumi 2018 Femenina"]
[Site "Batumi GEO"]
[Date "2018.09.24"]
[Round "1.2"]
[White "Hoareau, Rachelle"]
[Black "Janiashvili, Mariami"]
[Result "0-1"]
[WhiteElo "1467"]
[BlackElo "2081"]
[PlyCount "62"]
[EventDate "2018.09.24"]
[EventType "team-swiss"]
[EventRounds "11"]
[EventCountry "GEO"]
[SourceTitle "Ajedrez en Madrid"]
[Source "lmi"]
[SourceDate "2018.09.24"]
[WhiteTeam "Seychelles"]
[BlackTeam "Georgia 3"]
[WhiteTeamCountry "SEY"]

1. e4 d5 2. e5 c5 3. d4 cxd4 4. Nf3 Nc6 5. Bb5 Qa5+ 6. Bd2 Qxb5 7. Na3 Qxb2 8.
O-O Qxa3 9. Bf4 Bg4 10. h3 Bxf3 11. Qxf3 Qxf3 12. gxf3 e6 13. Rab1 O-O-O 14.
Bg3 Nge7 15. f4 Nf5 16. Bh2 g5 17. Kh1 gxf4 18. Rg1 Bh6 19. Rg4 Nxe5 20. Rg2
Nh4 21. Rgg1 Nef3 22. Rg4 f5 23. Rxh4 Nxh4 24. Rb4 Rhg8 25. Rxd4 Nf3 26. Ra4
Nxh2 27. Kxh2 f3 28. Rxa7 Rg2+ 29. Kh1 Kb8 30. Ra3 Rdg8 31. Rxf3 Rg1+ 0-1

[Event "43. Olimpiada Batumi 2018 Femenina"]
[Site "Batumi GEO"]
[Date "2018.09.24"]
[Round "1.3"]
[White "Koridze, Lile"]
[Black "Figaro, Dericka"]
[Result "1-0"]
[WhiteElo "1931"]
[BlackElo "1671"]
[PlyCount "55"]
[EventDate "2018.09.24"]
[EventType "team-swiss"]
[EventRounds "11"]
[EventCountry "GEO"]
[SourceTitle "Ajedrez en Madrid"]
[Source "lmi"]
[SourceDate "2018.09.24"]
[WhiteTeam "Georgia 3"]
[BlackTeam "Seychelles"]
[BlackTeamCountry "SEY"]

1. d4 Nf6 2. c4 e6 3. Nc3 d5 4. Nf3 Nbd7 5. Bf4 Bb4 6. e3 Ne4 7. Qc2 c5 8. Bd3
Qa5 9. O-O Bxc3 10. bxc3 Ndf6 11. cxd5 exd5 12. c4 cxd4 13. Nxd4 O-O 14. cxd5
Qxd5 15. Nb5 Qc5 16. Qb2 g5 17. Be5 Bf5 18. Bd4 Qe7 19. Bxf6 Qe6 20. Bxe4 Bxe4
21. Nc7 Qc6 22. Qe5 h6 23. Rac1 Qa4 24. Nxa8 Rxa8 25. Bh8 f6 26. Qe7 Kxh8 27.
Rc7 Rg8 28. Qxf6+ 1-0

[Event "43. Olimpiada Batumi 2018 Femenina"]
[Site "Batumi GEO"]
[Date "2018.09.24"]
[Round "1.1"]
[White "Bekheet, Suhailah"]
[Black "Vanduyfhuys, Daria"]
[Result "0-1"]
[WhiteElo "1034"]
[BlackElo "2058"]
[PlyCount "36"]
[EventDate "2018.09.24"]
[EventType "team-swiss"]
[EventRounds "11"]
[EventCountry "GEO"]
[SourceTitle "Ajedrez en Madrid"]
[Source "lmi"]
[SourceDate "2018.09.24"]
[WhiteTeam "Kuwait"]
[BlackTeam "Belgium"]
[WhiteTeamCountry "KUW"]
[BlackTeamCountry "BEL"]

1. e4 c6 2. Nf3 d5 3. Nc3 g6 4. d4 Bg7 5. e5 Nd7 6. Bg5 f6 7. e6 Nf8 8. Bh4 Nh6
9. Bd3 Nxe6 10. O-O O-O 11. b4 Qb6 12. b5 Nxd4 13. Nxd4 Qxd4 14. Qd2 Qxh4 15.
Rae1 Ng4 16. Qf4 Bh6 17. Qc7 e5 18. Ne4 Qxh2# 0-1

[Event "43. Olimpiada Batumi 2018 Femenina"]
[Site "Batumi GEO"]
[Date "2018.09.24"]
[Round "1.2"]
[White "Barbier, Wiebke"]
[Black "Almeraj, Etedal"]
[Result "1-0"]
[WhiteElo "1998"]
[BlackElo "1062"]
[PlyCount "75"]
[EventDate "2018.09.24"]
[EventType "team-swiss"]
[EventRounds "11"]
[EventCountry "GEO"]
[SourceTitle "Ajedrez en Madrid"]
[Source "lmi"]
[SourceDate "2018.09.24"]
[WhiteTeam "Belgium"]
[BlackTeam "Kuwait"]
[WhiteTeamCountry "BEL"]
[BlackTeamCountry "KUW"]

1. e4 e5 2. Nf3 Nc6 3. Bc4 Bc5 4. c3 d6 5. d4 Bb6 6. dxe5 dxe5 7. Qxd8+ Nxd8 8.
Nxe5 Be6 9. Nd2 Nf6 10. O-O O-O 11. b4 Nc6 12. Nxc6 bxc6 13. Bxe6 fxe6 14. e5
Ng4 15. Nf3 Rae8 16. h3 Nh6 17. Bxh6 gxh6 18. Nd4 c5 19. Nc6 Rf5 20. a4 cxb4
21. cxb4 a5 22. bxa5 Bc5 23. Rac1 Ba3 24. Rc2 Rf4 25. Ra1 Bf8 26. a6 h5 27. a7
h4 28. Nb8 Bg7 29. a8=Q Bxe5 30. Qc6 Rxb8 31. Qxe6+ Kf8 32. Qxe5 Rf7 33. Qh8+
Ke7 34. Re1+ Kd7 35. Rd1+ Ke6 36. Re2+ Kf5 37. Rd5+ Kg6 38. Re6+ 1-0

[Event "43. Olimpiada Batumi 2018 Femenina"]
[Site "Batumi GEO"]
[Date "2018.09.24"]
[Round "1.3"]
[White "Alraqum, Shahad"]
[Black "Barbier, Astrid"]
[Result "0-1"]
[WhiteElo "1458"]
[BlackElo "1894"]
[PlyCount "68"]
[EventDate "2018.09.24"]
[EventType "team-swiss"]
[EventRounds "11"]
[EventCountry "GEO"]
[SourceTitle "Ajedrez en Madrid"]
[Source "lmi"]
[SourceDate "2018.09.24"]
[WhiteTeam "Kuwait"]
[BlackTeam "Belgium"]
[WhiteTeamCountry "KUW"]
[BlackTeamCountry "BEL"]

1. e4 c5 2. Nf3 g6 3. d4 cxd4 4. Nxd4 Nc6 5. c4 Bg7 6. Be3 Nf6 7. Nc3 O-O 8.
Be2 d6 9. O-O Nxd4 10. Bxd4 Nd7 11. b4 b6 12. Qd2 Bb7 13. f3 Ne5 14. Rfd1 Rc8
15. Bxe5 Bxe5 16. Rac1 Bg7 17. Nd5 Re8 18. a3 e6 19. Nc3 d5 20. cxd5 Bxc3 21.
Rxc3 Rxc3 22. Qxc3 exd5 23. Bb5 Re6 24. exd5 Rd6 25. Re1 Qf6 26. Qc7 Bxd5 27.
Re8+ Kg7 28. Qc8 Qd4+ 29. Kf1 Be6 30. Rg8+ Kf6 31. Qf8 Qd1+ 32. Kf2 Rd2+ 33.
Kg3 Qe1+ 34. Kf4 Qe5# 0-1

[Event "43. Olimpiada Batumi 2018 Femenina"]
[Site "Batumi GEO"]
[Date "2018.09.24"]
[Round "1.4"]
[White "Cuvelier, Annelies"]
[Black "Alawadhi, Amenah"]
[Result "1-0"]
[WhiteElo "1809"]
[BlackElo "1374"]
[PlyCount "87"]
[EventDate "2018.09.24"]
[EventType "team-swiss"]
[EventRounds "11"]
[EventCountry "GEO"]
[SourceTitle "Ajedrez en Madrid"]
[Source "lmi"]
[SourceDate "2018.09.24"]
[WhiteTeam "Belgium"]
[BlackTeam "Kuwait"]
[WhiteTeamCountry "BEL"]
[BlackTeamCountry "KUW"]

1. e4 e6 2. d4 d5 3. exd5 exd5 4. Bd3 Bd6 5. Qf3 Nf6 6. h3 Nc6 7. c3 O-O 8. Ne2
Re8 9. Bg5 Be7 10. O-O Ne4 11. Bxe7 Rxe7 12. Ng3 Ng5 13. Qd1 Qe8 14. Nd2 Ne4
15. Ndxe4 dxe4 16. Bxe4 Bd7 17. Bf3 Rd8 18. b4 Bc8 19. Qc2 g6 20. Rad1 a6 21.
Qc1 b5 22. Rfe1 Nb8 23. Rxe7 Qxe7 24. Re1 Qf8 25. Qf4 Be6 26. a3 c6 27. Ne4 Nd7
28. Ng5 Bc4 29. Bxc6 Nb8 30. Bf3 Nd7 31. h4 h6 32. Ne4 Re8 33. Re3 f5 34. Nd6
Rxe3 35. fxe3 Nb6 36. Qe5 Kh7 37. h5 Nd7 38. hxg6+ Kxg6 39. Qe8+ Qxe8 40. Nxe8
h5 41. Nc7 Nb8 42. Bb7 Nd7 43. Bxa6 Kf6 44. Bxb5 1-0

[Event "43. Olimpiada Batumi 2018 Femenina"]
[Site "Batumi GEO"]
[Date "2018.09.24"]
[Round "1.1"]
[White "Bejatovic, Bojana"]
[Black "Nosimilo, Mkhonto"]
[Result "1-0"]
[WhiteElo "2057"]
[BlackElo "1372"]
[PlyCount "49"]
[EventDate "2018.09.24"]
[EventType "team-swiss"]
[EventRounds "11"]
[EventCountry "GEO"]
[SourceTitle "Ajedrez en Madrid"]
[Source "lmi"]
[SourceDate "2018.09.24"]
[WhiteTeam "FYR Macedonia"]
[BlackTeam "Swaziland"]
[BlackTeamCountry "SWA"]

1. d4 e6 2. Nf3 Nf6 3. Bg5 Be7 4. Nbd2 d5 5. Bxf6 Bxf6 6. e4 dxe4 7. Nxe4 Be7
8. Bd3 Nd7 9. Qe2 h6 10. O-O-O c6 11. Rhe1 b5 12. Ne5 Nxe5 13. dxe5 Qc7 14. f4
a5 15. Qg4 O-O 16. Re3 f5 17. exf6 Bxf6 18. Nxf6+ Rxf6 19. f5 Qf7 20. Qf3 exf5
21. Bxb5 Bb7 22. Ba4 Qxa2 23. Bb3+ Qxb3 24. Rxb3 Re8 25. Rxb7 1-0

[Event "43. Olimpiada Batumi 2018 Femenina"]
[Site "Batumi GEO"]
[Date "2018.09.24"]
[Round "1.2"]
[White "Dlamini, Temahlubi Queen"]
[Black "Koskoska, Gabriela"]
[Result "0-1"]
[WhiteElo "1362"]
[BlackElo "2026"]
[PlyCount "90"]
[EventDate "2018.09.24"]
[EventType "team-swiss"]
[EventRounds "11"]
[EventCountry "GEO"]
[SourceTitle "Ajedrez en Madrid"]
[Source "lmi"]
[SourceDate "2018.09.24"]
[WhiteTeam "Swaziland"]
[BlackTeam "FYR Macedonia"]
[WhiteTeamCountry "SWA"]

1. e3 d5 2. d4 g6 3. c4 Nf6 4. h3 Bg7 5. Nf3 O-O 6. Bd3 Nbd7 7. c5 Re8 8. O-O
e5 9. Nh2 Qe7 10. b4 a5 11. Bd2 e4 12. Be2 axb4 13. Bxb4 b6 14. Qc2 bxc5 15.
dxc5 Ne5 16. Nd2 Nc6 17. Rab1 Nd7 18. a3 d4 19. Qc4 Ba6 20. Qd5 Nxb4 21. axb4
Bxe2 22. Rfe1 Bd3 23. Rbc1 dxe3 24. Rxe3 Nf6 25. Qc6 Bh6 26. f4 Bxf4 27. Rxd3
exd3 28. Nhf3 Bxd2 29. Nxd2 Qe3+ 30. Kh1 Qxd2 31. Rf1 Nh5 32. Qf3 Rf8 33. b5
Qe2 34. Qxe2 dxe2 35. Re1 Rfe8 36. b6 cxb6 37. cxb6 Rab8 38. Kh2 Rxb6 39. g4
Nf4 40. h4 Nd3 41. Rg1 e1=Q 42. Rxe1 Rxe1 43. Kg3 Re3+ 44. Kg2 Rb2+ 45. Kf1
Re1# 0-1

[Event "43. Olimpiada Batumi 2018 Femenina"]
[Site "Batumi GEO"]
[Date "2018.09.24"]
[Round "1.3"]
[White "Nikolovska, Dragana"]
[Black "Dlamini, Nosipho"]
[Result "1-0"]
[WhiteElo "1856"]
[BlackElo "1239"]
[PlyCount "53"]
[EventDate "2018.09.24"]
[EventType "team-swiss"]
[EventRounds "11"]
[EventCountry "GEO"]
[SourceTitle "Ajedrez en Madrid"]
[Source "lmi"]
[SourceDate "2018.09.24"]
[WhiteTeam "FYR Macedonia"]
[BlackTeam "Swaziland"]
[BlackTeamCountry "SWA"]

1. e4 e5 2. Nf3 Nf6 3. Qe2 Nc6 4. g3 Bc5 5. Bg2 d6 6. h3 Be6 7. c3 h6 8. O-O
O-O 9. b4 Bb6 10. a4 a6 11. Bb2 d5 12. d3 d4 13. Nbd2 Qd6 14. a5 dxc3 15. Bxc3
Ba7 16. Nc4 Bxc4 17. dxc4 Nd4 18. Nxd4 Bxd4 19. Rfd1 c5 20. b5 axb5 21. cxb5
Rfc8 22. Qc4 Rd8 23. Bf3 Qd7 24. Kg2 Bxc3 25. Rxd7 Bxa1 26. Qxf7+ Kh7 27. Qxg7#
1-0

[Event "43. Olimpiada Batumi 2018 Femenina"]
[Site "Batumi GEO"]
[Date "2018.09.24"]
[Round "1.4"]
[White "Nokuthula, Mkhonta"]
[Black "Petrovska, Katerina"]
[Result "0-1"]
[WhiteElo "1053"]
[BlackElo "1966"]
[PlyCount "80"]
[EventDate "2018.09.24"]
[EventType "team-swiss"]
[EventRounds "11"]
[EventCountry "GEO"]
[SourceTitle "Ajedrez en Madrid"]
[Source "lmi"]
[SourceDate "2018.09.24"]
[WhiteTeam "Swaziland"]
[BlackTeam "FYR Macedonia"]
[WhiteTeamCountry "SWA"]

1. e4 e6 2. Nf3 d5 3. d3 Nf6 4. Nc3 c6 5. Be2 Bb4 6. Bd2 O-O 7. O-O Bxc3 8.
Bxc3 dxe4 9. Ng5 Nd5 10. Qd2 e3 11. fxe3 Qxg5 12. e4 Qxd2 13. Bxd2 Ne7 14. Rf3
e5 15. Rg3 g6 16. Rf1 Be6 17. Bb4 Re8 18. Bh5 Nd7 19. c3 c5 20. Ba3 Nc6 21. b4
cxb4 22. cxb4 Nd4 23. Rf2 Rac8 24. Rf1 Rc2 25. Rf2 Rec8 26. Bb2 Rxf2 27. Bxd4
Rxa2 28. Be3 Rcc2 29. h3 a5 30. bxa5 Nc5 31. d4 Nxe4 32. Rxg6+ hxg6 33. Bf3 Ng3
34. Kh2 Nf1+ 35. Kg1 Nxe3 36. Kh2 Rxg2+ 37. Bxg2 Rxg2+ 38. Kh1 Bd5 39. a6 Nf1
40. a7 Ng3# 0-1